Clasificación Histórica Equipos Españoles en Europa - Estadísticas

Estadísticas generales
  • Esta prueba ha sido intentada 275 veces
  • La puntuación promedio es 20 de 27
Estadísticas de respuestas
Total Puntos Equipo % Correcto
780 FC Barcelona
100%
995 Real Madrid
100%
382 Atlético de Madrid
99%
362 Sevilla FC
98%
363 Valencia CF
98%
228 Athletic Club
96%
124 Real Betis
94%
130 Real Sociedad
92%
112 Deportivo de La Coruña
88%
288 Villarreal CF
85%
41 Málaga CF
83%
115 Celta de Vigo
82%
52 Real Zaragoza
80%
116 RCD Espanyol
77%
50 Getafe CF
73%
28 RCD Mallorca
70%
40 CA Osasuna
65%
12 Sporting de Gijón
63%
26 Rayo Vallecano
60%
10 UD Las Palmas
60%
32 Deportivo Alavés
58%
26 Granada CF
58%
2 Real Oviedo
56%
24 Levante UD
50%
11 Racing de Santander
49%
5 Real Valladolid
49%
24 CD Tenerife
44%
No se encontraron pruebas coincidentes
Distribución de puntuación
Porcentaje de gente con cada puntuación
Porcentaje por número respondido
Historial de tus puntuaciones
No has intentado esta prueba.